| 000 | 00402nam a2200181Ia 4500 | ||
|---|---|---|---|
| 008 | 090124s9999 xx 000 0 und d | ||
| 082 | _b1498 | ||
| 100 | _aSCHENKEN`S HOWARD | ||
| 245 | _aBIG CLUB | ||
| 250 | _a1 | ||
| 260 |
_bROBERT HALE _c1968 |
||
| 300 | _a223 | ||
| 600 | _aSCHENKEN`S HOWARD | ||
| 630 | _aBIG CLUB | ||
| 700 | _aSCHENKEN`S HOWARD | ||
| 730 | _aBIG CLUB | ||
| 942 | _cBOOK | ||
| 999 |
_c82031 _d82031 |
||